[Event "2. Magistral Internacional de Cariló"]
[Site "Pinamar ARG"]
[Date "2005.04.09"]
[Round "8.2"]
[White "Claverie, Raul"]
[Black "Dos Santos, Francisco"]
[Result "1-0"]
[WhiteElo "2371"]
[BlackElo "2209"]
[PlyCount "61"]
[EventDate "2005.04.05"]
[EventType "tourn"]
[EventRounds "9"]
[EventCountry "ARG"]
[Source "lmi"]
[SourceDate "2005.04.10"]

1. g3 f5 2. Bg2 Nf6 3. Nf3 e6 4. O-O d5 5. d3 c6 6. Nbd2 Be7 7. e4 O-O 8. Qe2
Na6 9. Rd1 Bd7 10. c4 Nc5 11. exf5 exf5 12. b3 Bd6 13. Bb2 Re8 14. Qf1 a5 15.
Rac1 a4 16. b4 a3 17. Bxf6 Qxf6 18. bxc5 Bxc5 19. cxd5 Bb4 20. dxc6 Bxc6 21. d4
Ba4 22. Qc4+ Kh8 23. Qxb4 Bxd1 24. Rxd1 Qe6 25. Qb3 Qxb3 26. Nxb3 Re2 27. Rd2
Rxd2 28. Nfxd2 Rc8 29. Nb1 Rc2 30. Nxa3 Rxa2 31. Nc4 1-0

[Event "2. Magistral Internacional de Cariló"]
[Site "Pinamar ARG"]
[Date "2005.04.09"]
[Round "8.3"]
[White "Mahia, Gustavo"]
[Black "El Debs, Felipe"]
[Result "1-0"]
[WhiteElo "2364"]
[BlackElo "2341"]
[PlyCount "55"]
[EventDate "2005.04.05"]
[EventType "tourn"]
[EventRounds "9"]
[EventCountry "ARG"]
[Source "lmi"]
[SourceDate "2005.04.10"]

1. d4 Nf6 2. c4 c5 3. d5 e5 4. Nc3 d6 5. e4 Be7 6. g3 O-O 7. Bg2 Ne8 8. Nge2
Nd7 9. O-O Bg5 10. f4 Bh6 11. Be3 g6 12. Qd2 f6 13. Nc1 Ng7 14. Nd3 a6 15. a4
Nb6 16. b3 a5 17. Nb5 Qe7 18. Nxd6 Qxd6 19. Bxc5 Qd8 20. Qf2 Nd7 21. Bxf8 Qxf8
22. fxe5 fxe5 23. Qxf8+ Nxf8 24. Nxe5 Be3+ 25. Kh1 Ne8 26. Rae1 Bd2 27. Re2 Bc3
28. Ref2 1-0

[Event "2. Magistral Internacional de Cariló"]
[Site "Pinamar ARG"]
[Date "2005.04.09"]
[Round "8.5"]
[White "Dolezal, Cristian"]
[Black "Quiroga, Facundo"]
[Result "1-0"]
[WhiteElo "2405"]
[BlackElo "2335"]
[PlyCount "109"]
[EventDate "2005.04.05"]
[EventType "tourn"]
[EventRounds "9"]
[EventCountry "ARG"]
[Source "lmi"]
[SourceDate "2005.04.10"]

1. e4 c5 2. Nf3 d6 3. d4 cxd4 4. Nxd4 Nf6 5. Nc3 a6 6. Bc4 e6 7. Bb3 b5 8. f4
Bb7 9. f5 e5 10. Nde2 Nbd7 11. Bg5 Be7 12. Ng3 O-O 13. Bxf6 Nxf6 14. Nh5 Qb6
15. Nxf6+ Bxf6 16. Qd2 a5 17. Bd5 b4 18. Na4 Qc7 19. c4 Bc6 20. b3 Bxa4 21.
bxa4 Rab8 22. O-O b3 23. Rab1 bxa2 24. Rb5 Qa7+ 25. Kh1 Rfc8 26. Qxa2 Bd8 27.
Qd2 Rxb5 28. cxb5 Rc5 29. g3 Qc7 30. Bc6 Rc4 31. Qa2 Rd4 32. Qc2 Bg5 33. h4 Bd2
34. Rd1 Bb4 35. Rxd4 exd4 36. Qc4 Bc5 37. e5 Qe7 38. e6 fxe6 39. Qxe6+ Qxe6 40.
fxe6 Kf8 41. Kg2 Ke7 42. Bd5 d3 43. Kf3 h6 44. g4 Bb6 45. Bb3 d5 46. Bxd5 Kd6
47. Bb3 Bd8 48. Ke3 Bxh4 49. Kxd3 g6 50. Ke4 h5 51. gxh5 gxh5 52. Kf5 Bd8 53.
Kg6 h4 54. Kf7 Bg5 55. Bd1 1-0

[Event "2. Magistral Internacional de Cariló"]
[Site "Pinamar ARG"]
[Date "2005.04.10"]
[Round "9.1"]
[White "Quiroga, Facundo"]
[Black "Da Silva, Alessandro Rodrigue"]
[Result "1/2-1/2"]
[WhiteElo "2335"]
[BlackElo "2203"]
[PlyCount "20"]
[EventDate "2005.04.05"]
[EventType "tourn"]
[EventRounds "9"]
[EventCountry "ARG"]
[Source "lmi"]
[SourceDate "2005.04.10"]

1. d4 d5 2. Nf3 Nc6 3. Bf4 Bg4 4. Nbd2 Nf6 5. h3 Bh5 6. e3 a6 7. Be2 e6 8. O-O
Bd6 9. Bxd6 cxd6 10. c4 O-O 1/2-1/2

[Event "2. Magistral Internacional de Cariló"]
[Site "Pinamar ARG"]
[Date "2005.04.10"]
[Round "9.3"]
[White "El Debs, Felipe"]
[Black "Malbran, Guillermo"]
[Result "0-1"]
[WhiteElo "2341"]
[BlackElo "2295"]
[PlyCount "52"]
[EventDate "2005.04.05"]
[EventType "tourn"]
[EventRounds "9"]
[EventCountry "ARG"]
[Source "lmi"]
[SourceDate "2005.04.10"]

1. e4 g6 2. Nc3 Bg7 3. f4 c6 4. d4 d5 5. e5 h5 6. Be3 Nh6 7. Qd2 Ng4 8. Nf3
Nxe3 9. Qxe3 Bg4 10. h3 Bxf3 11. Qxf3 h4 12. e6 Bxd4 13. O-O-O Bf6 14. exf7+
Kxf7 15. Ne4 Nd7 16. Nxf6 Nxf6 17. Bd3 Qd6 18. Rde1 Rh5 19. g4 hxg3 20. Qxg3 g5
21. Re5 Rg8 22. Be2 Rh4 23. Rxg5 Qxf4+ 24. Qxf4 Rxf4 25. Rxg8 Kxg8 26. h4 Rf2
0-1

[Event "2. Magistral Internacional de Cariló"]
[Site "Pinamar ARG"]
[Date "2005.04.10"]
[Round "9.5"]
[White "Varela, Daniel"]
[Black "Claverie, Raul"]
[Result "1/2-1/2"]
[WhiteElo "2141"]
[BlackElo "2371"]
[PlyCount "38"]
[EventDate "2005.04.05"]
[EventType "tourn"]
[EventRounds "9"]
[EventCountry "ARG"]
[Source "lmi"]
[SourceDate "2005.04.10"]

1. e4 e6 2. d4 d5 3. exd5 exd5 4. Bd3 Nc6 5. Nf3 Bg4 6. c3 Bd6 7. O-O Nge7 8.
h3 Bh5 9. Re1 Bg6 10. b4 O-O 11. a4 Bxd3 12. Qxd3 h6 13. Nbd2 Qd7 14. Nf1 a6
15. a5 Nd8 16. Ra2 Ne6 17. Rae2 c6 18. Ne5 Bxe5 19. dxe5 f5 1/2-1/2